Movies that only has repeating words - Statistics

General Stats
  • This quiz has been taken 6 times
  • The average score is 2 of 20
Answer Stats
Description Movie % Correct
Lawyer loses his ability to lie (1997) Liar Liar
100%
27 year old's life changes after he learns he has a rare form of cancer (2011) 50 50
17%
Al Pacino plays a struggling Broadway playwright (1982) Author Author
17%
Man uses his truck and CB radio to track down his lost brother (1977) Breaker Breaker
17%
Housekeeper helps a widowed father and his daughter rebuild their lives (1994) Corrina Corrina
17%
Modernises Snow White with a humorous twist (2012) Mirror Mirror
17%
Titled after the code signal sent during the Pearl Harbor attack (1970) Tora Tora Tora
17%
Italian bank clerk feels trapped after marrying a possessive woman (1972) Alfredo Alfredo
0%
Young man leaves Anatolia and struggles to reach America in search of a better life (1963) America America
0%
A group of Gen-Z friends play a deadly party game during a storm (2022) Bodies Bodies Bodies
0%
Womenizer secretly dates three air-hostesses at the same time (1965) Boeing Boeing
0%
Suicidal man gets caught up with a strange hitman staying next door (1981) Buddy Buddy
0%
Elvis movie follows a fisherman dreaming of owning his own boat (1962) Girls Girls Girls
0%
Man’s act of kindness toward two stranded women turns into a nightmare (2015) Knock Knock
0%
Spoof of 1930s American films features two movies and a trailer, with the same cast members acting in all three (1978) Movie Movie
0%
Teenage girl tries to earn money for a dress while enjoying the new music craze (1956) Rock Rock Rock
0%
Cheated student tries to outplay a gambling empire (2013) Runner Runner
0%
Silent comedy featuring a cross-country walking competition (1926) Tramp Tramp Tramp
0%
Struggling lawyer becomes a wrestling coach (2011) Win Win
0%
Young boy who photographs the backs of people’s heads (2000) Yi Yi
0%
No matching quizzes found
Score Distribution
Percent of People with Each Score
Percentile by Number Answered
Your Score History
You have not taken this quiz